Thơ Sijo với "Tình" và "Hận" của người Hàn /

Αποθηκεύτηκε σε:
Λεπτομέρειες βιβλιογραφικής εγγραφής
Κύριος συγγραφέας: Vũ Thị Thanh Tâm.
Μορφή: Άρθρο
Γλώσσα:Vietnamese
Θέματα:
Ετικέτες: Προσθήκη ετικέτας
Δεν υπάρχουν, Καταχωρήστε ετικέτα πρώτοι!
Thư viện lưu trữ: Thư viện Trường Đại học Đà Lạt
LEADER 00785nam a2200277 4500
001 DLU140164358
005 ##20140923
040 # # |a DLU  |b vie 
041 # # |a vie 
044 # # |a vn 
100 # # |a Vũ Thị Thanh Tâm. 
245 # # |a Thơ Sijo với "Tình" và "Hận" của người Hàn /  |c Vũ Thị Thanh Tâm. 
653 # # |a Hận thù 
653 # # |a Người Hàn Quốc 
653 # # |a Tình nghĩa 
653 # # |a Tình yêu 
773 # # |t Nghiên cứu Văn học   |g Số1(503), 2014, tr. 110-121 
920 # # |a Phòng Tạp chí -- Trung tâm Thông tin - Thư viện Trường Đại học Đà Lạt 
994 # # |a DLU 
900 # # |a True 
911 # # |a Nguyễn Thị Mai Anh 
925 # # |a G 
926 # # |a A 
927 # # |a BB 
980 # # |a Thư viện Trường Đại học Đà Lạt